Bankruptcy and Insolvency Law in Canada Cases, Materials, and Problems /

Bibliographic Details
Main Author: Ben-Ishai, Stephanie
Other Authors: Telfer, Thomas G. W.
Format: eBook
Language:English
Published: Toronto: Irwin Law Inc., 2019
Subjects:
Online Access:Acceso restringido

MARC

LEADER 00000nam a22000007a 4500
005 20210804230244.0
007 cr|||| ||||
008 210804s2019 ca |||||s|||| 00||0 eng d
020 |a 9781552215180 
035 |a 34972 
040 |a vLex 
090 |c 11909  |d 11909 
100 1 |a Ben-Ishai, Stephanie 
245 1 0 |a Bankruptcy and Insolvency Law in Canada  |h [Recurso electrn̤ico] :  |b Cases, Materials, and Problems /  |c Stephanie Ben-Ishai, Thomas G. W. Telfer 
256 |a Servicio en ln̕ea 
260 |a Toronto:  |b Irwin Law Inc.,  |c 2019 
300 |a 1 recurso electrn̤ico 
500 |a Authored by leading experts from across the country, Bankruptcy and Insolvency Law in Canada: Cases, Materials, and Problems reimagines the traditional casebook. It includes an instructor’s manual and is offered in conjunction with an illustrated guide featuring helpful visual aids and diagrams. This casebook provides clear, accessible, and detailed textual commentary on the law by using modern and illustrative cases and presents problem-solving exercises to challenge students to do what lawyers are renowned for — provide solutions. This up-to-date resource fosters an appreciation for the law by analyzing the intellectual, political, and practical importance of bankruptcy legislation, and the manner in which it permeates many aspects of corporate, commercial, and consumer law. In addition to providing an overview of the key issues in contemporary law, this book addresses the procedural aspects involved in different types of bankruptcy and insolvency proceedings, and their impact on debtors and creditors. This “all-in-one” course package explains and clarifies the interplay of social, economic, and legal issues in the development of modern bankruptcy policy, and it is an invaluable resource for professors, law students, and practitioners seeking to understand the operation of the Canadian bankruptcy system. 
506 1 |a Disponible solo en los productos indicados  |d vLex Global  |d vLex Global (Academic Edition, excluding Law Schools)  |d vLex Global (U.S. Academic Edition, Law Schools)  |d vLex Global (U.S. Academic Edition, excluding Law Schools)  |d vLex Global (Academic Edition, Law Schools) 
650 0 4 |a Derecho Mercantil y de la Empresa  |z Canad̀ 
700 |a Telfer, Thomas G. W. 
740 0 |a vLex Libros (Servicio en ln̕ea) 
856 0 4 |u https://app.vlex.com/#/sources/34972  |z Acceso restringido 
942 |c BOOK 
999 0 |a Commercial and Company Law